[Event "Albena op"]
[Site "Albena"]
[Date "2009.06.21"]
[Round "2"]
[White "Mamaev, Evgeniy"]
[Black "Berbatov, Kiprian"]
[Result "0-1"]
[WhiteElo "2162"]
[BlackElo "2393"]
[PlyCount "106"]
[EventDate "2009.06.20"]
[EventType "swiss"]
[EventRounds "9"]
[EventCountry "BUL"]
[SourceTitle "CBM 130 Extra"]
[Source "ChessBase"]
[SourceDate "2009.07.02"]
[SourceVersion "2"]
[SourceVersionDate "2009.07.15"]
[SourceQuality "1"]

1. Nf3 Nf6 2. g3 g6 3. Bg2 Bg7 4. c4 0-0 5. 0-0 d6 6. d4 Nbd7 7. Nc3 e5 8. e4 c6 9. h3 Re8 10. dxe5 dxe5 11. Be3 Qe7 12. Qd2 Nc5 13. Ne1 Be6 14. Nd3 Nxd3 15. Qxd3 Red8 16. Qe2 Qb4 17. Rfd1 Bxc4 18. Qc2 b6 19. Rd2 Rxd2 20. Qxd2 h5 21. Rd1 Be6 22. a3 Qe7 23. Bg5 Qe8 24. Qc2 Nh7 25. Be3 h4 26. Bf1 Bf6 27. b4 Ng5 28. Bxg5 Bxg5 29. g4 Rd8 30. Rxd8 Qxd8 31. b5 Qd7 32. bxc6 Qxc6 33. Qd3 Qc5 34. a4 Qb4 35. Qc2 Qb3 36. Qxb3 Bxb3 37. Bb5 Bc2 38. Kf1 Kf8 39. f3 Ke7 40. Ke2 Kd6 41. Be8 Kc5 42. Bxf7 Kb4 43. Nb5 a5 44. Bxg6 Bxa4 45. Nc7 Bb3 46. Nd5+ Kc5 47. Kd3 b5 48. Kc3 Bc4 49. Be8 b4+ 50. Kb2 Be2 51. Nc7 Kd6 52. Nd5 Bxf3 53. Bg6 Bxg4 0-1

[Event "Moscow op-B 04th"]
[Site "Moscow"]
[Date "2008.02.07"]
[Round "6"]
[White "Mamaev, Evgeniy"]
[Black "Martov, Vadim"]
[Result "1-0"]
[WhiteElo "2184"]
[BlackElo "2028"]
[PlyCount "131"]
[EventDate "2008.02.02"]
[EventType "swiss"]
[EventRounds "9"]
[EventCountry "RUS"]
[SourceTitle "CBM 122 Extra"]
[Source "ChessBase"]
[SourceDate "2008.03.04"]
[SourceVersion "1"]
[SourceVersionDate "2008.03.04"]
[SourceQuality "1"]

1. Nf3 d5 2. c4 c6 3. e3 Nf6 4. Nc3 a6 5. d4 b5 6. cxd5 cxd5 7. Ne5 e6 8. Bd2 Be7 9. Be2 0-0 10. Rc1 Bb7 11. 0-0 Nbd7 12. Nxd7 Qxd7 13. Qb3 Ne4 14. Nxe4 dxe4 15. Bb4 Rfc8 16. Qa3 Bd8 17. Bc5 Bd5 18. Qb4 h6 19. Ra1 Bc6 20. Rac1 Bd5 21. b3 Bc7 22. Rc2 Qd8 23. Rfc1 Ba5 24. Qa3 Bc7 25. g3 Bb7 26. Qb2 Bd5 27. Qc3 Bb7 28. a4 bxa4 29. bxa4 Ba5 30. Qa3 Qd7 31. Bb4 Bd8 32. a5 Bf6 33. Rc5 g6 34. Bd1 Bd5 35. Ba4 Qb7 36. Qc3 Rcb8 37. Ba3 Bd8 38. Kg2 h5 39. h4 Kg7 40. Bc2 Rc8 41. Rb1 Qd7 42. Rxc8 Rxc8 43. Bc5 Kg8 44. Qa3 Bc7 45. Ba4 Bc6 46. Bxc6 Qxc6 47. Qc3 Bd8 48. Qa3 e5 49. Bb6 exd4 50. Bxd4 Qd5 51. Qb2 Qf5 52. Qe2 Qxa5 53. Ra1 Qb5 54. Qa2 a5 55. Rb1 Qc6 56. Bb2 Qd7 57. Ba1 Qc6 58. Qb2 f6 59. Qb3+ Kg7 60. Rd1 Be7 61. Rd4 Bb4 62. Qd1 Re8 63. Rd7+ Kg8 64. Ra7 Qe6 65. Qe2 Re7 66. Ra6 1-0

[Event "Moscow op-B 04th"]
[Site "Moscow"]
[Date "2008.02.06"]
[Round "5"]
[White "Bogdanovich, Stanislav"]
[Black "Mamaev, Evgeniy"]
[Result "1-0"]
[WhiteElo "2286"]
[BlackElo "2184"]
[PlyCount "71"]
[EventDate "2008.02.02"]
[EventType "swiss"]
[EventRounds "9"]
[EventCountry "RUS"]
[SourceTitle "CBM 122 Extra"]
[Source "ChessBase"]
[SourceDate "2008.03.04"]
[SourceVersion "1"]
[SourceVersionDate "2008.03.04"]
[SourceQuality "1"]

1. d4 Nf6 2. c4 c5 3. d5 e5 4. Nc3 d6 5. e4 Be7 6. g3 0-0 7. Bg2 Ne8 8. Nge2 Bg4 9. h3 Bxe2 10. Qxe2 Bg5 11. 0-0 Bxc1 12. Raxc1 Nd7 13. f4 a6 14. h4 exf4 15. gxf4 Qxh4 16. Rce1 Nef6 17. Qf2 Qxf2+ 18. Rxf2 Ng4 19. Rfe2 f6 20. Bh3 h5 21. Bxg4 hxg4 22. Rg2 Kf7 23. Rxg4 Rg8 24. e5 dxe5 25. Ne4 Ke7 26. fxe5 Nxe5 27. Nxc5 Kf7 28. Rf4 g5 29. Rf5 Kg6 30. Ref1 Ng4 31. Nxb7 Rab8 32. Nd6 Rxb2 33. Ne4 Rh8 34. R5f3 f5 35. Rxf5 Rh5 36. d6 1-0

[Event "Moscow op-B 04th"]
[Site "Moscow"]
[Date "2008.02.05"]
[Round "4"]
[White "Filatov, Vyacheslav"]
[Black "Mamaev, Evgeniy"]
[Result "0-1"]
[WhiteElo "1967"]
[BlackElo "2184"]
[PlyCount "53"]
[EventDate "2008.02.02"]
[EventType "swiss"]
[EventRounds "9"]
[EventCountry "RUS"]
[SourceTitle "CBM 122 Extra"]
[Source "ChessBase"]
[SourceDate "2008.03.04"]
[SourceVersion "1"]
[SourceVersionDate "2008.03.04"]
[SourceQuality "1"]

1. d4 Nf6 2. c4 d6 3. Nc3 e5 4. Nf3 e4 5. Ng5 Bf5 6. g3 h6 7. Nh3 c6 8. Nf4 Be7 9. Ng2 Bh3 10. Ne3 Bxf1 11. Kxf1 0-0 12. Qc2 d5 13. cxd5 cxd5 14. Qb3 Nc6 15. Qxb7 Nxd4 16. Ncxd5 Bc5 17. Nxf6+ Qxf6 18. Qxe4 Rae8 19. Qd3 Rd8 20. Qc4 Rc8 21. Rb1 Bb6 22. Qa4 Qe6 23. f3 Nxf3 24. Qb3 Qe4 25. Qd3 Nd2+ 26. Bxd2 Qxh1+ 27. Kf2 0-1